Normal view
MARC view
- المعاملات المالية- الفقه الاسلامي
Entry Topical Term
001 - CONTROL NUMBER
- control field: 45019
003 - CONTROL NUMBER IDENTIFIER
- control field: JO-AjAnu
005 - DATE AND TIME OF LATEST TRANSACTION
- control field: 20230606081441.0
008 - FIXED-LENGTH DATA ELEMENTS
- fixed length control field: 230606|| aca||aabn | a|a d
040 ## - CATALOGING SOURCE
- Original cataloging agency: JO-AjAnu
- Transcribing agency: JO-AjAnu
150 ## - HEADING--TOPICAL TERM
- Topical term or geographic name entry element: المعاملات المالية- الفقه الاسلامي
670 ## - SOURCE DATA FOUND
- Source citation: Work cat.: (JO-AjAnu)23052: إعداد أبو سليمان، عبد الوهاب ابراهيم, author 45018, فقه المعاملات المالية الحديثة مع مقدمات ممهدات وقرارات، ج2